Colombia : (Registro nro. 6622)
[ vista simple ]
| 000 -LEADER | |
|---|---|
| fixed length control field | 01157nam a22002897a 4500 |
| 003 - CONTROL NUMBER IDENTIFIER | |
| control field | OSt |
| 005 - DATE AND TIME OF LATEST TRANSACTION | |
| control field | 20200302151207.0 |
| 008 - FIXED-LENGTH DATA ELEMENTS--GENERAL INFORMATION | |
| fixed length control field | 200302s2019 ck abd|fr|||| 001 0 spa d |
| 020 ## - INTERNATIONAL STANDARD BOOK NUMBER | |
| International Standard Book Number | 9789585210240 |
| 040 ## - CATALOGING SOURCE | |
| Original cataloging agency | CO-JMCR |
| Transcribing agency | CO-JMCR |
| 041 0# - LANGUAGE CODE | |
| Language code of text/sound track or separate title | spa |
| 082 04 - DEWEY DECIMAL CLASSIFICATION NUMBER | |
| Classification number | 320.12 / |
| Item number | B151 |
| 100 1# - MAIN ENTRY--PERSONAL NAME | |
| Personal name | Bahamón Dussán, Augusto, |
| Relator term | autor |
| 9 (RLIN) | 1059 |
| 245 10 - TITLE STATEMENT | |
| Title | Colombia : |
| Remainder of title | geografía y destino : visión geopolítica de sus regiones naturales / |
| Statement of responsibility, etc. | Augusto Bahamón Dussán |
| 250 ## - EDITION STATEMENT | |
| Edition statement | Quinta edición |
| 260 ## - PUBLICATION, DISTRIBUTION, ETC. | |
| Place of publication, distribution, etc. | Bogotá : |
| Name of publisher, distributor, etc. | Sociedad Geográfica de Colombia, |
| Date of publication, distribution, etc. | 2019 |
| 300 ## - PHYSICAL DESCRIPTION | |
| Extent | 266 páginas, 1 página plegada : |
| Other physical details | gráficos y mapas a color |
| Dimensions | 24 cm. |
| 500 ## - GENERAL NOTE | |
| General note | Incluye datos biográficos del autor. |
| 500 ## - GENERAL NOTE | |
| General note | Incluye índice de mapas. |
| 500 ## - GENERAL NOTE | |
| General note | Incluye notas a pie de página. |
| 500 ## - GENERAL NOTE | |
| General note | "Aporte a la conmemoración del bicentenario de la independencia de Colombia-La independencia no fue un evento: fue un proceso"--Tapa |
| 504 ## - BIBLIOGRAPHY, ETC. NOTE | |
| Bibliography, etc. note | Bibliografía: páginas 263-266 |
| 505 0# - FORMATTED CONTENTS NOTE | |
| Formatted contents note | Las regiones naturales -- Geografía y destino |
| 650 14 - SUBJECT ADDED ENTRY--TOPICAL TERM | |
| Topical term or geographic name entry element | Geopolítica colombiana |
| 9 (RLIN) | 1060 |
| 650 14 - SUBJECT ADDED ENTRY--TOPICAL TERM | |
| Topical term or geographic name entry element | Geografía |
| Geographic subdivision | Colombia |
| 9 (RLIN) | 1061 |
| 942 ## - ADDED ENTRY ELEMENTS (KOHA) | |
| Source of classification or shelving scheme | Dewey Decimal Classification |
| Koha item type | Books |
| Withdrawn status | Lost status | Source of classification or shelving scheme | Damaged status | Not for loan | Collection code | Home library | Current library | Shelving location | Date acquired | Source of acquisition | Cost, normal purchase price | Total Checkouts | Full call number | Barcode | Date last seen | Copy number | Price effective from | Koha item type |
|---|---|---|---|---|---|---|---|---|---|---|---|---|---|---|---|---|---|---|
| Dewey Decimal Classification | Non-fiction | Biblioteca Pública José María del Castillo y Rada | Biblioteca Pública José María del Castillo y Rada | Processing Center | 12/18/2019 | Donación | 0.00 | 320.12 / B151 | 201809532 | 05/16/2024 | Ej.1 | 03/02/2020 | Books |